Modeling and analysis of different control techniques on industrial robotic three degree of freedom crane / (Record no. 610051)
[ view plain ]
| 000 -LEADER | |
|---|---|
| fixed length control field | 00623nam a22001697a 4500 |
| 003 - CONTROL NUMBER IDENTIFIER | |
| control field | NUST |
| 082 ## - DEWEY DECIMAL CLASSIFICATION NUMBER | |
| Classification number | 629.8 |
| 100 ## - MAIN ENTRY--PERSONAL NAME | |
| Personal name | Faisal, Muhammad |
| 245 ## - TITLE STATEMENT | |
| Title | Modeling and analysis of different control techniques on industrial robotic three degree of freedom crane / |
| Statement of responsibility, etc. | lMuhammad Faisal |
| 264 ## - PRODUCTION, PUBLICATION, DISTRIBUTION, MANUFACTURE, AND COPYRIGHT NOTICE | |
| Place of production, publication, distribution, manufacture | Islamabad:, . |
| Name of producer, publisher, distributor, manufacturer | SMME- NUST. |
| Date of production, publication, distribution, manufacture, or copyright notice | 2015. |
| 300 ## - PHYSICAL DESCRIPTION | |
| Extent | xi,75p.; |
| Other physical details | Soft Copy |
| Dimensions | 30cm |
| 500 ## - GENERAL NOTE | |
| General note | Hardcover |
| 650 ## - SUBJECT ADDED ENTRY--TOPICAL TERM | |
| Topical term or geographic name entry element | MS Robotics and Intelligent Machine Engineering |
| 700 ## - ADDED ENTRY--PERSONAL NAME | |
| Personal name | Supervisor : Dr. Mohsin Jamil |
| 856 ## - ELECTRONIC LOCATION AND ACCESS | |
| Uniform Resource Identifier | <a href="http://10.250.8.41:8080/xmlui/handle/123456789/42108">http://10.250.8.41:8080/xmlui/handle/123456789/42108</a> |
| 942 ## - ADDED ENTRY ELEMENTS (KOHA) | |
| Source of classification or shelving scheme | |
| Koha item type | Thesis |
| Withdrawn status | Permanent Location | Current Location | Shelving location | Date acquired | Full call number | Barcode | Koha item type |
|---|---|---|---|---|---|---|---|
| School of Mechanical & Manufacturing Engineering (SMME) | School of Mechanical & Manufacturing Engineering (SMME) | E-Books | 07/05/2024 | 629.8 | SMME-TH-970 | Thesis |
